Stadoù ar Europa - Statistiques

Statistiques générales
  • Ce quiz a été pris 12 fois
  • Le résultat moyen est 33 sur 41
Statistiques - réponses
Hint Réponse % Correct
Albania Albanie
100%
Alamagn Allemagne
100%
Andorra Andorre
100%
Aostria Autriche
100%
Belgia Belgique
100%
Belarus Biélorussie
100%
Bosnia-ha-Herzegovina Bosnie-Herzégovine
100%
Bulgaria Bulgarie
82%
Kroatia Croatie
82%
Danmark Danemark
82%
Estonia Estonie
82%
Gres Grèce
82%
Hungaria Hongrie
82%
Island Islande
82%
Italia Italie
82%
Liechtenstein Liechtenstein
82%
Luksembourg Luxembourg
82%
Makedonia an Norzh Macédoine du Nord
82%
Malta Malte
82%
Moldova Moldavie
82%
Monaco Monaco
82%
Montenegro Montenegro
82%
Norvegia Norvège
82%
Polonia Pologne
82%
Portugal Portugal
82%
San Marino Saint-Marin
82%
Serbia Serbie
82%
Slovakia Slovaquie
82%
Slovenia Slovénie
82%
Spagn Espagne
73%
Latvia Lettonie
73%
Lituania Lituanie
73%
Sveden Suède
73%
Suis Suisse
73%
Tchekia Tchéquie
73%
Ukraina Ukraine
73%
Vatikan Vatican
73%
Rouantelezh-Unanet Royaume-Uni
64%
Izelvroioù Pays-Bas
55%
Iwerzhon Irlande
45%
Bro-C'hall France
36%
Aucun quiz correspondant
Distribution des résultats
% des personnes avec chaque résultat
Percentile par nombre de réponses
Votre historique - résultats
Vous n’avez pas pris ce quiz